Wertpapier - Investmentfonds
Na minha lista:
| Autor principal: | |
|---|---|
| Outros Autores: | |
| Formato: | Livro |
| Idioma: | alemão |
| Publicado em: |
Frankfurt am Main
Knapp
1992
|
| Edição: | 1. Aufl. |
| Assuntos: | |
| Tags: |
Sem tags, seja o primeiro a adicionar uma tag!
|
MARC
| LEADER | 00000nam a2200000 4500 | ||
|---|---|---|---|
| 001 | c005016 | ||
| 005 | 20221221080503.8 | ||
| 020 | |a 3-7819-1168-3 | ||
| 041 | 0 | |a ger | |
| 044 | |a DE | ||
| 245 | 1 | 0 | |a Wertpapier - Investmentfonds |c Manfred Laux, Rüdiger Päsler |
| 250 | |a 1. Aufl. | ||
| 264 | 1 | |a Frankfurt am Main |b Knapp |c 1992 | |
| 300 | |a 195 s. | ||
| 610 | 2 | 0 | |a papiere cenné |
| 610 | 2 | 0 | |a spoločnosti akciové |
| 610 | 2 | 0 | |a právo obchodné |
| 610 | 2 | 0 | |a investori |
| 610 | 2 | 0 | |a fondy investičné |
| 100 | 1 | |a Laux, Manfred | |
| 700 | 1 | |a Päsler, Rüdiger | |